000 01968nam a2200337 i 4500
003 CO-BoRNBP
005 20220316235749.0
007 ta
008 200326s2001 ck gr 000 0 spa d
020 _a9588159113
040 _aCO-BoRNBP
_bspa
_erda
_cCO-BoRNBP
041 0 _aspa
082 0 4 _a781.620098
_bM87
_223
245 0 0 _aMúsicas en transición
_cCoordinadoras Ana María Ochoa y Alejandra Cragnolini ; Pablo Vila [y otros]
264 1 _aBogotá, Colombia
_bMinisterio de Cultura
_c2001
300 _a118 páginas
_c22 cm
336 _atexto
_btxt
_2rdacontent
337 _asin mediación
_bn
_2rdamedia
338 _avolumen
_bnc
_2rdacarrier
490 0 _aCuadernos de nación
505 2 _tMúsica e identidad, la capacidad interpeladora y narrativa de los sonidos, las letras y las actuaciones musicales
_rCragnolini, Alejandra
_tEl sentido de los estudios de músicas populares en Colombia
_rAna María Ochoa Gautier
_tCueca chilena moderna
_rPablo Vila
650 1 7 _aMúsica folclórica colombiana
_xHistoria y crítica
_2ARMARC
650 1 7 _aMúsica folclórica latinoamericana
_xHistoria y crítica
_2ARMARC
650 1 7 _aMúsica popular
_xHistoria y crítica
_2ARMARC
650 1 7 _aPolítica cultural
_xEnsayos, conferencias, etc.
_2ARMARC
700 1 _aOchoa, Ana María
_eCoordinadora
_9206330
700 1 _aCragnolini, Alejandra
_eCoordinadora
_9206331
700 1 _aVila, Pablo
_eCoordinador
_967471
740 _aMúsica e identidad, la capacidad interpeladora y narrativa de los sonidos, las letras y las actuaciones musicales \ El sentido de los estudios de músicas populares en Colombia \ Cueca chilena moderna: mediaciones e identidades \ La nacionalización del pasillo ecuatoriano a principios del siglo XX \ Abozao: de la subienda mestiza y mulata \ Construyendo un nosotros a través del relato en torno a la música \ Hay una discusión en el barrio: el fenómeno de las viejotecas en Cali \ Desde Sinaloa para el mundo
942 _2loc
_cBK
999 _c2078
_d2078